000 00512nam a2200193Ia 4500
008 151121s9999||||xx |||||||||||||| ||und||
082 _a649।54/Man
082 _bHNW-50050
100 _aManshardt Clifford - Edi
245 4 _aThe Child In India
260 _bD।B। Taraporevala Sons & Co।Bombay
260 _c--
300 _a166
600 _aManshardt Clifford - Edi
630 _aThe Child In India
700 _aManshardt Clifford - Edi
730 _aThe Child In India
942 _cBOOK
999 _c1234892
_d1234889